000 00970nam a22002537a 4500
999 _c7688
_d7688
003 AR-CdUCM
008 190321b ||||| |||| 00| 0 spa d
040 _aMUNICIPALIDAD PROVINCIAL DEL CUSCO
_cBIBLIOTECA MUNICIPAL DEL CUSCO
041 _heng
082 _a531 /
_bT56
100 _aTimoshenko, S.
_921705
245 _aDinámica Avanzada /
260 _aBuenos Aires :
_bMcGraw Hill Book Company. ;
_c1957.
300 _a523 páginas ;
_bFórmulas, diagramas
_c21cm
505 _aContenido: Dinámica de la partícula -- Dinámica de un sistema de partículas -- Dinámica de los sistemas vinculados -- Teoría de las oscilaciones pequeñas -- Formación de un cuerpo rígido alrededor de un punto fijo
650 _aDinámica
_920090
650 _aPartículas
_918979
650 _aOscilaciones
_921706
650 _aFísica
_92382
700 _aYoung, D. H.
_921707
700 _aWalsh, C. (traducción)
_921708
942 _2ddc
_cLIBROS
945 _anom